03507nam a2200409 a 4500999001700000005001700017010001700034020002600051035001700077035001300094037000900107082001100116245008100127260003500208270006100243300002600304500002000330504003200350650003300382700002000415942002500435952016900460952016900629952016900798952017300967952017101140952019001311952017301501952018301674952017101857952018702028952017302215952017102388952018602559952017302745952017902918 c15958d1595820181218122222.0 aB-310301-314 a9780140107814c299.00 aB-310301-314 aB-359062 bGDMK a954.03 aIndia's struggle for independence, 1857-1947 /cby Bipan Chandra ... [et al] aNew DelhibPenguin Booksc1989 a11, Community Centre, Panchsheel ParkbNew Delhie110017 a600 p. c22 cm. (pbk) aIncludes index. aBibliography: p. [529]-572. aNationalismzIndiaxHistory. aChandra, Bipan. 2ddccENh954.03mCHA 00102ddc40708NFICaLbLd2008-09-29eGDMK /113 /12.1.09 /233 /12.12.08 /13.1.09g295.00l0o954.03 CHApB-310301r2008-09-29 00:00:00t1v299.00w2008-09-29yEN 00102ddc40708NFICaMbMd2009-04-17eGDMK /113 /12.1.09 /233 /12.12.08 /13.1.09g299.00l0o954.03 CHApB-310302r2009-04-17 00:00:00t2v299.00w2009-04-17yEN 00102ddc40708NFICaMbMd2009-04-17eGDMK /113 /12.1.09 /233 /12.12.08 /13.1.09g299.00l0o954.03 CHApB-310303r2009-04-17 00:00:00t2v299.00w2009-04-17yEN 00102ddc40708NFICaBL1bBL1d2009-04-17eGDMK /113 /12.1.09 /233 /12.12.08 /13.1.09g299.00l0o954.03 CHApB-310304r2009-04-17 00:00:00t1v299.00w2009-04-17yEN 00102ddc40708NFICaPRbPRd2009-04-17eGDMK /113 /12.1.09 /233 /12.12.08 /13.1.09g299.00l0o954.03 CHApB-310305r2009-04-17 00:00:00t1v299.00w2009-04-17yEN 01102ddc40708NFICaZLSbZLSd2009-04-17eGDMK /113 /12.1.09 /233 /12.12.08 /13.1.09g299.00l42m12o954.03 CHApB-310306r2017-08-09 00:00:00s2017-07-20t1v299.00w2009-04-17yEN 00102ddc40708NFICaRKPbRKPd2009-04-17eGDMK /113 /12.1.09 /233 /12.12.08 /13.1.09g299.00l0o954.03 CHApB-310307r2009-04-17 00:00:00t1v299.00w2009-04-17yEN 00102ddc40708NFICaAGbAGd2009-04-17eGDMK /113 /12.1.09 /233 /12.12.08 /13.1.09g299.00l6o954.03 CHApB-310308r2021-02-11 00:00:00s2021-01-27t1v299.00w2009-04-17yEN 00102ddc40708NFICaSPbSPd2009-04-17eGDMK /113 /12.1.09 /233 /12.12.08 /13.1.09g299.00l0o954.03 CHApB-310309r2009-04-17 00:00:00t1v299.00w2009-04-17yEN 00102ddc40708NFICaVPbVPd2009-04-17eGDMK /113 /12.1.09 /233 /12.12.08 /13.1.09g299.00l29m9o954.03 CHApB-310310r2018-10-25 00:00:00s2018-09-11t1v299.00w2009-04-17yEN 00102ddc40708NFICaBL3bBL3d2009-04-17eGDMK /113 /12.1.09 /233 /12.12.08 /13.1.09g299.00l0o954.03 CHApB-310311r2009-04-17 00:00:00t1v299.00w2009-04-17yEN 00102ddc40708NFICaNRbNRd2009-04-17eGDMK /113 /12.1.09 /233 /12.12.08 /13.1.09g299.00l0o954.03 CHApB-310312r2009-04-17 00:00:00t1v299.00w2009-04-17yEN 00102ddc40708NFICaBNbBNd2009-04-17eGDMK /113 /12.1.09 /233 /12.12.08 /13.1.09g299.00l5m0o954.03 CHApB-310313r2020-01-14 00:00:00s2019-12-26t1v299.00w2009-04-17yEN 00102ddc40708NFICaBL4bBL4d2009-04-17eGDMK /113 /12.1.09 /233 /12.12.08 /13.1.09g299.00l0o954.03 CHApB-310314r2009-04-17 00:00:00t1v299.00w2009-04-17yEN 00102ddc40708NFICaJPbJPd2009-10-01eGDMK/084/26.9.09/98/4.9.09/26.9.09g299.00l78m5o954.03 CHApB-359062r2022-02-15 00:00:00s2022-01-17t1v299.00w2009-10-01yEN